Ranczo- test szczegółowy - Statystyki

Ogólne statystyki
  • Ten quiz został rozwiązany 82 razy
  • Średni wynik to 4 z 9
Statystyki odpowiedzi
Hint Odpowiedź % Poprawnych
Co trenowała w młodości Michałowa? Rzut Oszczepem
85%
Ile złotych na godzinę dostali Hadziuk, Solejuk i Japycz za ochronę domu weselnego? 5
78%
Na jakiej pozycji grał Piotr Kozioł? Bramkarz
60%
Jaką kwotę zapłacił Kozioł za wykonanie piosenki dla partii politycznej PPU przez Pietrka?(liczba) 1500
49%
W którym roku urodziła się (wg serialu) Kazimiera Solejuk 1964
42%
Jak nazywa się dyrektorka szkoły? Wiesława Oleś
35%
Jak miał na imię ojciec braci Kozioł? Jan
17%
Prokurator z Radzynia ( Imię i nazwisko) Piotr Zieliński
9%
Kiedy urodził się Prezes PPU (dzień, miesiąc, rok)? 02.06.1962
3%
Nie znaleziono quizów pasujących do podanych kryteriów
Rozkład punktacji
Procent ludzi z każdym wynikiem
Percentyl według liczby udzielonych odpowiedzi
Twoja historia wyników
Nie rozwiązałeś tego quizu